Capital Cities (Easy) - Statistics

General Stats
  • This quiz has been taken 9 times
  • The average score is 14 of 18
Answer Stats
Hint Answer % Correct
Russia Moscow
100%
France Paris
100%
United States of America Washington D.C
100%
United Kingdom London
86%
Mexico Mexico City
86%
Canada Ottawa
86%
Thailand Bangkok
71%
China Beijing
71%
Brazil Brasilia
71%
Egypt Cairo
71%
Vietnam Hanoi
71%
Malaysia Kuala Lumpur
71%
India New Delhi
71%
Italy Rome
71%
South Korea Seoul
71%
Singapore Singapore
71%
Japan Tokyo
71%
Saudi Arabia Riyadh
57%
No matching quizzes found
Score Distribution
Percent of People with Each Score
Percentile by Number Answered
Your Score History
You have not taken this quiz